000 00799nam a2200253Ia 4500
003 OSt
005 20220928102016.0
006 a|||||r|||| 00| 0
007 ta
008 220927b |||||||| |||| 00| 0 eng d
020 _cEURO 49.99
024 _a135241
037 _b76, 21/02/2017, Classic Book Service
_cTextual
040 _aSDCL
_cSDCL
_beng
041 _2eng
_aeng
082 _aY74447(Q6), Q6
100 _aThong Tezenlo
_9396189
245 0 _aColonization, proselytization, and identity
_b The nagas and westernization in northeast India
260 _aCham
_bPalgrave
_c2016
300 _a137p.
_ccm.
650 _aPolitical Science
942 _hY74447(Q6), Q6
_cTEXL
_2CC
999 _c711895
_d711895